000 00324nam a22001217a 4500
020 _a0815750323
082 _a332.494 UER
245 _aEuropean monetary unification and its meaning for the U. S.
260 _aLondon
_bThe brookings institution
_c1973
300 _axi,322p.
_b24cm.
500 _aInclude index
942 _cBK
999 _c15173
_d15173